000 00583nam a22001937a 4500
003 BD-DhUL
005 20170730101100.0
008 170730s1985 le ||||| |||| 000 0 ara d
040 _aBD-DhUL
_cBD-DhUL
082 _a892.708
_bHAM
100 1 _aحمّودی، ھادي حسن۔
245 0 _aالمقامات /
_cھادي حسن حمّودي۔
246 _aAl-Maqāmāt
260 _aبیروت :
_bدار الافاق الابحیحۃ،
_c۱۹۸۵۔
300 _aص۔ ۱۶۷ ؛
_c۲۴ سم۔
365 _aBDT.
_b450.00
650 0 _aArabic literature.
942 _2ddc
_cBK
999 _c212753
_d212753